Κατάλογος Βιβλιοθηκών Mediterranean College

Χρήμα / Χρηματιστήριο: Προβλέποντας το 2021 - Η Στάση των Ξένων Οίκων και τα 'Στοιχήματα' (Record no. 9161)

MARC details
000 -LEADER
fixed length control field 01328cam a22001814a 4500
005 - ΗΜΕΡΟΜΗΝΙΑ ΚΑΙ ΩΡΑ ΤΕΛΕΥΤΑΙΑΣ ΕΝΗΜΕΡΩΣΗΣ
Πεδίο ελέγχου 20250605164355.0
008 - FIXED-LENGTH DATA ELEMENTS--GENERAL INFORMATION
Πεδίο ελέγχου σταθερού μήκους 250528s ||||||||||||||||||||||||d
035 ## - SYSTEM CONTROL NUMBER
System control number 24271
040 ## - ΠΗΓΗ ΚΑΤΑΛΟΓΟΓΡΑΦΗΣΗΣ
Φορέας πρωτότυπης καταλογογράφησης MC Athens Campus Library
Γλώσσα καταλογογράφησης Ελληνικά, Μοντέρνα (1453-)
Modifying agency MC Athens Campus Library
Κανόνες περιγραφικής καταλογογράφησης AACR2
245 1# - ΤΙΤΛΟΣ ΚΑΙ ΔΗΛΩΣΗ ΥΠΕΥΘΥΝΟΤΗΤΑΣ
Τίτλος Χρήμα / Χρηματιστήριο: Προβλέποντας το 2021 - Η Στάση των Ξένων Οίκων και τα 'Στοιχήματα'
260 ## - PUBLICATION, DISTRIBUTION, ETC.
Name of publisher, distributor, etc. Ethos Media,
Date of publication, distribution, etc. 2020
300 ## - PHYSICAL DESCRIPTION
Extent 80
520 ## - SUMMARY, ETC.
Summary, etc. Αφιέρωμα ΕΚΕ-ESG: Νέα Δεδομένα και Στρατηγικές ΕΚΕ & ESG έφερε η Πανδημία, Επαγγελματικά Ταμεία: Ο 2ος Πυλώνας Ασφάλισης στον Κόσμο και την Ελλάδα, Αγιέρωμα Ηλεκτρισμός-ΑΠΕ: Η Ελλάδα στο 'Κατώφλι΄' μιας Νέας Εποχής, Αφιέρωμα Βιομηχανία Τροφίμων και Ποτών: Μπορεί να Αποτελέσει το Σημείο Επανεκκίνησης για την Εγχώρια Μεταποίηση, Εν Αρχή: Πολλαπλά Κερδισμένη η Ελλάδα, Ανάλυση VRS: DIAGEO, Δια Ταύτα: ΣΜΕΧΑ: Μια Σωστή Πρόταση.
700 1# - ΠΡΟΣΘΕΤΗ ΑΝΑΓΡΑΦΗ--ΦΥΣΙΚΟ ΠΡΟΣΩΠΟ
Personal name Ουζούνη Κωνσταντίνος
9 (RLIN) 9441
942 ## - ADDED ENTRY ELEMENTS (KOHA)
Koha item type Περιοδικά Δημοσιεύματα
Holdings
Τύπος τεκμηρίου Βιβλιοθήκη Τρέχουσα τοποθεσία Barcode Ημερομηνία απόκτησης Ταξιθετικό σύμβολο Αριθμός αντιτύπου Κατάσταση απόσυρσης Κατάσταση χαμένου Κατάσταση κατεστραμμένου Μη δανεισμός Σύνολο δανεισμών Ημερομηνία τελευταίας εμφάνισης Η τιμή ισχύει από
Περιοδικά Δημοσιεύματα MC Athens Campus Library MC Athens Campus Library 9780000091604 05/06/2025 ΧΡΗΜΑ 1           05/06/2025 05/06/2025

MC Athens Campus Library
Πατησίων 94 & Κοδριγκτώνος 13, 104 34
Πελλήνης 8 & Πατησίων 107, 112 51
Τ: +30 210 8899600

MC Thessaloniki Campus Library
Ίωνος Δραγούμη 21, 54625 | Ίωνος Δραγούμη 15, 54625
Τ: +30 2310 287779 – Τ: +30 2314 440300